Engineering Mechanics (Record no. 610127)

000 -LEADER
fixed length control field 00358nam a22001337a 4500
020 ## - INTERNATIONAL STANDARD BOOK NUMBER
International Standard Book Number 9788188458165
040 ## - CATALOGING SOURCE
Transcribing agency Nust
082 ## - DEWEY DECIMAL CLASSIFICATION NUMBER
Classification number 620.1
Author Mark KUM
100 ## - MAIN ENTRY--PERSONAL NAME
Personal name Kumar,. S. D. Dr
9 (RLIN) 124191
245 ## - TITLE STATEMENT
Title Engineering Mechanics
Remainder of title Statics & Dynamics
260 ## - PUBLICATION, DISTRIBUTION, ETC.
Place of publication, distribution, etc. New Delhi:
Name of publisher, distributor, etc. S.K Kataria & Sons,
Date of publication, distribution, etc. 2012.
650 ## - SUBJECT ADDED ENTRY--TOPICAL TERM
Topical term or geographic name entry element Engineering Mechanics
9 (RLIN) 59741
942 ## - ADDED ENTRY ELEMENTS (KOHA)
Source of classification or shelving scheme
Koha item type Book
Holdings
Withdrawn status Lost status Source of classification or shelving scheme Damaged status Not for loan Permanent Location Current Location Shelving location Date acquired Total Checkouts Full call number Barcode Date last seen Price effective from Koha item type
          College of Electrical & Mechanical Engineering (CEME) College of Electrical & Mechanical Engineering (CEME) General Stacks 07/08/2024   620.1 KUM CEME- 46182 07/08/2024 07/08/2024 Book
© 2023 Central Library, National University of Sciences and Technology. All Rights Reserved.